Normal view
MARC view
Entry Personal Name
001 - CONTROL NUMBER
- control field: 1904
003 - CONTROL NUMBER IDENTIFIER
- control field: PK-LaUMT
005 - DATE AND TIME OF LATEST TRANSACTION
- control field: 20240904120223.0
008 - FIXED-LENGTH DATA ELEMENTS
- fixed length control field: 240904|| aca||aabn | a|a d
040 ## - CATALOGING SOURCE
- Original cataloging agency: PK-LaUMT
- Transcribing agency: PK-LaUMT
100 ## - HEADING--PERSONAL NAME
- Personal name: Martin, Seamus J
670 ## - SOURCE DATA FOUND
- Source citation: Work cat.: (PK-LaUMT)135001: Roitt's essential immunology /, 2011
